00264nam a2200097Ia 4500008004100000100002600041245003100067260004200098260000900140999001700149170620s9999 xx 000 0 und d aChowdary- S. B. J. R. 0aMastery of Teaching Skills bNew Delhi- Discovery Publishing House c2007 c24418d24418